Quizzes
Events
Quiz Creation
Community
Videos
Private Events
Remove Ads
Sign In
Join for FREE
Feedback
Dark Mode
Quiz Categories
Sports
Geography
Music
Movies
Television
Just For Fun
Miscellaneous
History
Literature
Language
Science
Gaming
Entertainment
Religion
Holiday
For Kids
Quiz Lab
Recent
Popular Today
Quiz Kudos Today
Editor Picks
Curator Picks
Quizzes by...
Day
Popularity
Type
Ratings
Length
Year
Community
Subscriptions
Recent Discussions
Orange Saloon
Badges
Playlists
Quests
Create
Leaderboards
Showdown
Live 5
Trivia Bingo
Activity
Puzzle Library
Sporcle Events
Private Events
Virtual Trivia
Globe League
Become a Host
Pub Owners
SporcleCon
Opinionation
Our Games
Videos
Blog
Mobile Apps
Partnerships
Remove Ads and Go Orange
Feedback
Science
Computer
Plants
Astronomy
Chemistry
Elements
Math
Animal
Physics
Anatomy
Biology
Geology
General Science
Science
Computer
Plants
Astronomy
Chemistry
Elements
Math
Animal
Physics
Anatomy
Biology
Geology
General Science
Random Quiz
Search Sporcle
×
Quiz Lab
Quiz Lab
Science
Famous
Type in answers that appear in a list
Type in answers that appear in a list
Classic
Best Score? Go Orange.
Great Scientists Stats
Can you name some of the Greatest Scientists? (Not In Order)
By
ProficientPlayer
8m
29 Questions
113 Plays
113 Plays
113 Plays
Comments
Comments
Give Quiz Kudos
Give Quiz Kudos
-
- Ratings
hide this ad
More Info
Random Order
Randomize order of answers
Randomize order of answers
Replay
Link that replays current quiz
Next Quiz
Link to next quiz in quiz playlist
You Got
0%
They Got
Avg Score
44%
Avg Friend Score
Upgrade to see
Score Distribution
Jump to the score distribution portion of the page
Score
0/29
Timer
08:00
0
Plays Today
Nationality
Scientist
% Correct
German/
Jewish
Albert Einstein
92%
Polish
Marie Curie
85%
English
Sir Isaac Newton
84.1%
Danish
Niels Bohr
76.1%
Serbian
Nikola Tesla
71.7%
English
Charles Darwin
66.4%
French
Louis Pasteur
64.6%
Polish
Nicolaus Copernicus
59.3%
American
Thomas Edison
59.3%
Greek
Aristotle
57.5%
Greek
Archimedes
53.1%
Italian
Galileo Galilei
52.2%
English
Michael Faraday
52.2%
Scottish
James Clerk Maxwell
47.8%
Austrian
Sigmund Freud
47.8%
Nationality
Scientist
% Correct
English
Alexander Graham Bell
45.1%
Swedish
Alfred Nobel
43.4%
German
Johannes Kepler
43.4%
French
Antoine Laurent Lavoisier
42.5%
Swiss
Leonhard Euler
37.2%
English
Stephen Hawking
32.7%
French
René Descartes
25.7%
Italian
Leonardo da Vinci
15%
French
Blaise Pascal
14.2%
German
Otto Hahn
10.6%
American
Carl Sagan
10.6%
French
Claude Bernard
4.4%
English
Ada Lovelace
3.5%
Belgian
Claude Levi-Strauss
2.7%
Quiz Playlist
Details
Report
Send in Message
Add To Playlist
More Info:
Test out your knowledge on some of the world's greatest scientists. If you ace it, then you must be a science know-it-all.
Classic:
Type in answers that appear in a list
Random Order:
Randomize order of answers
Last Updated: Feb 16, 2017
Quiz Scoreboard
CHALLENGE
Sign Up to Join the Scoreboard
Show All
Scores
Hide
Comments
May contain spoilers
Recently Published
One Thing in Common: World Cities II
by knightlancer
Geography
7m
Popular People in 1961
by mucciniale
History
6m
1-10 Letter E Words III
by El_Dandy
Language
2m
More to Explore
Quiz From the Vault
Featured Blog Post
Where Did the Easter Bunny Come From?
hide this ad
You Might Also Like...
Tags
Famous Quiz
Influential People
Physical Science
Science Math
Today's Top Quizzes in Science
Browse Science
hide this ad
Today's Top Quizzes in Famous
Browse Famous
Top Contributed Quizzes in Science
1
Quick Pick: Radians
2
One Thing in Common: Science III
3
One Thing in Common: Science
4
Sporcle Puzzle Hunt: Science
5
One Thing in Common: Science II
6
Quick Pick: 'CI-CJ' Animals
7
Click the Parts of an Plant Cell
8
Elements In Images
9
Multiplication table 1-10
10
Square Numbers Scrambled (1-50)
Explore More
Trending Topics
NBA
Anime
Kpop
Harry Potter
Crossword
Disney
Marvel
Puzzle
NFL
The Office
Country
Soccer
Pokémon
WWE
Song
hide this ad
More By:
ProficientPlayer
Quiz
Plays
Rating
Category
Featured
Created
Smartest People Of All Time
233
1.80
History
Dec 26, 2016
Presidents In Order
182
3.40
History
Dec 26, 2016
Great Scientists
113
5.00
Science
Dec 28, 2016
Ballon d'or Winners
112
5.00
Sports
Dec 26, 2016
Euro 2016 Teams
80
5.00
Sports
Jan 7, 2017
Go to Creator's Profile
Score Distribution
Quiz Creator Spotlight
ProficientPlayer
Follow
Send a Message
Quizzes Created
-
Created Quiz Play Count
-
More By This Creator
Popular Quizzes Today
1
Find the US States - No Outlines Minefield
2
The Countries of the World
3
Popular People in 1961
4
Find the Countries of Europe - No Outlines Minefield
5
1-10 Letter E Words III
6
Find the US States
7
One Thing in Common: World Cities II
8
US States
More Science Quizzes
Mini Word Games: Solar System
Published
Trending Quizzes
1-10 Letter F Words
1-10 Letter G Words
Risky Map Clicking: Next State Alphabetically
1-10 Letter F Words II
Risky Map Clicking: States by Unique Starting Letters
Recently Updated
Leaping Animals
pecheneg
Reality TV Shows (A-Z)
bhenderson79
Rickey Henderson's Hall of Fame Teammates
pecheneg
Champions League XIs: Arsenal
pecheneg
Quick Pick: Celebrities in WWE's Hall of Fame
aduchscher
A-Z Keypad Blitz II
pecheneg
Multiple Oscar Actors
pecheneg
Mystery Phrase Blitz: Oscar 'Best Actors'
pecheneg
F. Scott Fitzgerald Novels
LTH
Pick 3 Villains
ddd62291
Trending Topics
Disney
Anime
Harry Potter
Crossword
Kpop
Marvel
NBA
Soccer
The Office
Country
Pokémon
NFL
WWE
Puzzle
Song
Your Account Isn't Verified!
In order to create a playlist on Sporcle, you need to verify the email address you used during registration. Go to your
Sporcle Settings
to finish the process.
Report this User
Report this user for behavior that violates our
Community Guidelines
.
Details:
Send Report
Go to the Sporcle.com Mobile Site →
Comments